000 01091nam a2200301 a 4500
001 vtls001401133
003 NLI
005 20210627113021.0
008 121127s1945 nyu d 000 0 eng
020 _cUSD 4.00
039 9 _y201211272009
_zVLOAD
040 _aNLI
_beng
_cDatasoft_2012
_eAACR2
041 1 _aeng
_hger
044 _a nyu
082 0 4 _a 669.03
100 1 _aSinger, T. E. R.
_q(Tibor Eric Robert),
_d1902-1966
_9976031
245 1 0 _aGerman-English dictionary of metallurgy :
_bwith related material on ores, mining and minerals, crystallography, welding, metal-working, tools, metal products and metal chemistry /
_cby T.E.R. Singer ; Foreword by J. Kurtz
260 _aNew York :
_bMcGraw-Hill,
_c1945
300 _aix, 298 p. ;
_c18 cm.
500 _aText in English, German
650 0 _aMetallurgy
_vDictionaries
_vGerman
_9976032
650 0 _aGerman language
_vDictionaries
_vEnglish
_9705129
887 _a
901 _a26479
_b02.05.1947
902 _aS.T 669.03 Si 64
949 _AVIRTUAITEM
_D10000
_X100
_6PUR000026479ENG
942 _2ddc
_cBKS
999 _aVIRTUA40
_c856558
_d856558